000 00818nam a2200253 a 4500
001 000035988
003 DO-SdBNP
005 20240719142003.0
007 ta
008 111121s1941 dr 000 0 spa d
040 _aDO-SdBNP
_bspa
_cBNPHU
_erda
082 _222
_bP171t
100 1 _aPalm Walter, Erwin
_eautor
_954883
245 1 3 _aEl tipo andaluz de la casa dominicana /
_cErwin Walter Palm.
264 _aCiudad Trujillo, República Dominicana :
_bImprenta Montalvo,
_c1941.
300 _a4 páginas ;
_c23 cm.
336 _2rdacontent
_atexto
_btxt
337 _2rdamedia
_asin mediación
_bn
338 _2rdacarrier
_avolumen
_bnc
500 _aExtrato. del boletin del Archivo General de la Nacion no. 17, página. 179 ag. de 1911
590 _aInventariado, 2024/DG
910 _aDG
942 _2ddc
_cLF2
999 _c35479
_d35479